00478nam a2200133Ia 4500008004100000041000800041082001500049100001900064245013500083260007500218300001100293650002000304650002000324210719s2005 xx 000 0 und d aeng a658.8 AHMS aAHMED (Naveed) aStudy on demand of various pre-owned maruti cars in organised and unorganised market with reference to maruti true value Mangalore aMangalorebDepartment of Business Management St Aloysius Collegec2005 a79bHB aProject Reports aProject Reports